| 000 -LEADER | |
|---|---|
| fixed length control field | 00390nam a22001577a 4500 |
| 005 - DATE AND TIME OF LATEST TRANSACTION | |
| control field | 20210227144324.0 |
| 008 - FIXED-LENGTH DATA ELEMENTS--GENERAL INFORMATION | |
| fixed length control field | 210227b ||||| |||| 00| 0 eng d |
| 020 ## - INTERNATIONAL STANDARD BOOK NUMBER | |
| ISBN | 9789384875473 |
| 041 ## - LANGUAGE CODE | |
| Language code of text/sound track or separate title | eng |
| 082 ## - DEWEY DECIMAL CLASSIFICATION NUMBER | |
| Classification number | 615 UDD-P |
| 100 ## - MAIN ENTRY--AUTHOR NAME | |
| Personal name | UDDIN, REHAN RAJAWAT JITENDRA AND SINGH AJAY KUMAR |
| 245 ## - TITLE STATEMENT | |
| Title | PHARMACY PRACTICE |
| 300 ## - PHYSICAL DESCRIPTION | |
| Number of Pages | 336 P |
| 650 ## - SUBJECT ADDED ENTRY--TOPICAL TERM | |
| Topical Term | PHARMACY |
| 942 ## - ADDED ENTRY ELEMENTS (KOHA) | |
| Koha item type | Books |
| Lost status | Damaged status | Collection code | Home library | Current library | Shelving location | Date acquired | Source of acquisition | Cost, normal purchase price | Full call number | Accession Number | Koha item type |
|---|---|---|---|---|---|---|---|---|---|---|---|
| PHARMACY | JRU Library | JRU Library | Shelf - 27- D | 27/02/2021 | PURCHES-1910/17-02-2021 | 349.00 | 615 UDD-P | 25631 | Books | ||
| PHARMACY | JRU Library | JRU Library | Shelf - 27- D | 27/02/2021 | PURCHES-1910/17-02-2021 | 349.00 | 615 UDD-P | 25632 | Books | ||
| PHARMACY | JRU Library | JRU Library | Shelf - 27- D | 27/02/2021 | PURCHES-1910/17-02-2021 | 349.00 | 615 UDD-P | 25633 | Books | ||
| PHARMACY | JRU Library | JRU Library | Shelf - 27- D | 27/02/2021 | PURCHES-1910/17-02-2021 | 349.00 | 615 UDD-P | 25634 | Books | ||
| PHARMACY | JRU Library | JRU Library | Shelf - 27- D | 27/02/2021 | PURCHES-1910/17-02-2021 | 349.00 | 615 UDD-P | 25635 | Books | ||
| PHARMACY | JRU Library | JRU Library | Shelf - 27- D | 27/02/2021 | PURCHES-1910/17-02-2021 | 349.00 | 615 UDD-P | 25636 | Books | ||
| PHARMACY | JRU Library | JRU Library | Shelf - 27- D | 27/02/2021 | PURCHES-1910/17-02-2021 | 349.00 | 615 UDD-P | 25637 | Books | ||
| PHARMACY | JRU Library | JRU Library | Shelf - 27- D | 27/02/2021 | PURCHES-1910/17-02-2021 | 349.00 | 615 UDD-P | 25638 | Books | ||
| PHARMACY | JRU Library | JRU Library | Shelf - 27- D | 27/02/2021 | PURCHES-1910/17-02-2021 | 349.00 | 615 UDD-P | 25639 | Books | ||
| Reference | JRU Library | JRU Library | SHELF-4-C | 27/02/2021 | PURCHES-1910/17-02-2021 | 319.00 | 615 UDD-P | 25630 | Books |